000 01185cam a22002535a 4500
001 L141665
008 071211e20071208xxkado f 000 0 eng u
035 _a(Sirsi) u141665
041 0 _aeng
050 0 4 _a333.33 $2 18
245 0 0 _aEG focus
_bregional features directory 2007
260 _aLondon
_bEG
_c2007
300 _a338p.
_c30cm.
490 0 _aEstates Gazette Focus Regional Features Directory
_v2007
520 _aDiscusses London's property market and discusses attempts to assess the impact of the year's financial turmoil, retail development in the South East, office developments in the South West and the impact of changes in planning processes, infrastructure improvements in the East Midlands, Industrial developments in Wales the East of England, as well as office markets in the West Midlands, Yorkshire and the Humber, the North East and North West, Scotland and Ireland.
520 _aEstates Gazette - December 2007 vol.
521 1 _aAdvanced
590 _aKA
651 4 _aGreat Britain
_y1707-
651 4 _aIreland (Island of)
690 _aPROPERTY-COMMERCIAL PROPERTY-COMMERCIAL PROPERTY MARKET
700 1 _aMeadwell, Stacey
_eed
942 _n0
999 _c107731
_d107731